000 00615nam a2200229Ia 4500
005 20241216005937.0
008 180423s9999||||xx |||||||||||||| ||und||
020 _a950-02-5795-5
082 _a155.418
_bC24
100 _aCAÑEQUE, HILDA
245 0 _aJUEGO Y VIDA
_bLA CONDUCTA LUDICA EN EL NIÑO Y EL ADULTO
250 _a0
260 _aARGENTINA
_bEL ATENEO
_c1993
300 _a161 pag.
_c19.5 cm
341 _h0
490 _v0
_a0
505 _aCONDUCTA HUMANA-JUEGO TRABAJO/PROCESO CREADOR-JUEGOS REGLADO
541 _aC
_d13-Oct-98
650 _aFILOSOFIA
856 _zHumanidades
942 _cLIBRO
999 _c1315
_d1315